000 01009nam a22003257a 4500
003 CHAP
005 20220329133458.0
008 971013s1991 r 00010 d
010 _a6848
011 _a7820
035 _a7045
040 _cCHAP
090 _aFolleto 10293
110 _aConsultive Group on International Agricultural Research
_927417
245 _aAnnual report
260 _aWashington :
_bThe Group,
_c1991
300 _av.
_b: ilus. ; gráfs.
500 _aLa biblioteca tiene : 1991
590 _aBATCH-UPD
_b10
_c20130110
_lUCH01
_h1618
590 _aBATCH-UPD
_b10
_c20130410
_lUCH01
_h1012
590 _aBATCH-UPD
_b10
_c20130913
_lUCH01
_h2204
590 _aBATCH-UPD
_b10
_c20140805
_lUCH01
_h1143
590 _aCONVERSION
_b10
_c20130109
_lUCH01
_h1305
650 1 4 _aAgricultura
_xInvestigación.
_91577
650 1 4 _aAgroforestería.
_92156
650 1 4 _aBosques
_xInvestigación.
_914282
901 _aBK
942 _cFOLL
949 _aFolleto 10293
_bBC
_cFOLL
_d-16824
_eTS1
_i7045
_si
999 _c6848
_d6848